[Event "POL-chT2 South U19"]
[Site "Rudnik"]
[Date "2000.??.??"]
[Round "7.4"]
[White "Rogala, Dariusz"]
[Black "Kucmierz, Lukasz"]
[Result "1-0"]
[WhiteElo "1800"]
[BlackElo "1800"]
[PlyCount "55"]
[EventDate "2000.07.20"]
[EventType "team-swiss"]
[EventRounds "10"]
[EventCountry "POL"]
[SourceTitle "EXT 2005"]
[Source "ChessBase"]
[SourceDate "2004.11.15"]
[SourceVersion "1"]
[SourceVersionDate "2004.11.15"]
[SourceQuality "1"]
[WhiteTeam "Gorno Gornovia U19"]
[BlackTeam "POL-chT2 South U19 2"]
[WhiteTeamCountry "POL"]
[BlackTeamCountry "POL"]

1. e4 c5 2. Nf3 e6 3. d4 cxd4 4. Nxd4 Bc5 5. Nb3 Bb6 6. Bd3 Ne7 7. Nc3 Nbc6 8. Bc4 0-0 9. Qe2 Nd4 10. Nxd4 Bxd4 11. Bd2 Nc6 12. 0-0-0 a5 13. Nb5 Bc5 14. e5 Ne7 15. h4 a4 16. Qg4 Kh8 17. h5 Ng8 18. h6 g6 19. Nd6 Bxd6 20. exd6 f5 21. Bc3+ Nf6 22. Qd4 Kg8 23. f3 Kf7 24. g4 Rg8 25. gxf5 gxf5 26. Rdg1 Rxg1+ 27. Rxg1 Nh5 28. Rg7+ 1-0